000 00864nas a2200289 4500
001 BR0205099
003 BR-BrBNA
005 20231205103310.0
007 ta
008 230509b bl.|||p| |||| 00| 00por d
040 _aBR-BrBNA
_bpor
_cBiblioteca Nacional de Agricultura
041 _a(Pt)
072 _aF03
100 1 _aKikuti, A.L.P.
100 1 _aOliveira, J.A.
100 1 _aMedeiros Filho, S.
100 1 _aFraga, A.C.
245 1 _aArmazenamento e qualidade fisiológica de sementes de algodão submetidas ao condicionamento osmótico
650 _aALGODÃO
650 _aSEMENTE
650 _aARMAZENAMENTO
650 _aQUALIDADE
650 _aOSMOSE
773 0 _tCiência e Agrotecnologia (Brazil)
_xISSN 1413-7054
_g(Mar-Apr 2002), v. 26(2) p. 439-443
_wBR0205099
909 _a202311
_bLúcia
_c55
_dLúcia Elande
942 _2AGRIS
_n0
_cANA
999 _c172146
_d172146